Statistics for Naruto

Click here to take the quiz!

General Stats

  • This quiz has been taken 85 times
  • The average score is 21 of 22

Answer Stats

HintAnswer% Correct
Main CharacterNaruto Uzumaki
100%
Pink Haired GirlSakura Haruno
100%
Rival of MCSasuke Uchiha
100%
Taijutsu AmateurRock Lee
99%
Can use the Mind Transfer JutsuIno Yamanaka
97%
Brother of Rival of MCItachi Uchiha
97%
Smart ChuninShikamaru Nara
97%
Part of the Akimichi ClanChoji Akamichi
96%
Owner of a dogKiba Inuzuka
96%
Taijutsu SpecialistMight Guy
96%
5th HokageTsunade Senju
96%
Can control InsectsShino Aburame
95%
Icha Icha Series SuperfanKakashi Hatake
93%
Always talks about fateNeji Hyuga
93%
Weapon ExpertTenTen
93%
Dog of ^Akamaru
92%
Only user of Twin LionsHinata Hyuga
89%
______ SarutobiAsuma Sarutobi
88%
Other Sensei of MCJiraiya Ogata
85%
Good at GenjutsuKurenai
85%
Old Man ______!Hokage/Hiruzen
82%
Teamate of ^Orochimaru
82%

Score Distribution

Percentile by Number Answered

Percent of People with Each Score

Your Score History

You have not taken this quiz